Central Library OPAC University of Rajshahi

Guides to Japanese culture / (Record no. 69377)

MARC details
000 -LEADER
fixed length control field 00828nam a2200241 a 4500
001 - CONTROL NUMBER
control field 69377
003 - CONTROL NUMBER IDENTIFIER
rucl marc code BD-RjUL
005 - DATE AND TIME OF LATEST TRANSACTION
control field 20211209081858.0
008 - FIXED-LENGTH DATA ELEMENTS--GENERAL INFORMATION
fixed length control field 170411s1977 ja b 000 0 eng
020 ## - INTERNATIONAL STANDARD BOOK NUMBER
International Standard Book Number 0870404032 :
Terms of availability Y2500 ($10.95 U.S.)
035 ## - SYSTEM CONTROL NUMBER
System control number (BD-RjUL)69588
040 ## - CATALOGING SOURCE
Original cataloging agency DLC
Transcribing agency DLC
Modifying agency BD-RjUL
Language of cataloging eng
041 ## - LANGUAGE CODE
Language code of text/sound track or separate title eng
082 00 - DEWEY DECIMAL CLASSIFICATION NUMBER
Classification number 016.952
Edition number 23
Author mark and year GUI 1977
245 00 - TITLE STATEMENT
Title Guides to Japanese culture /
Statement of responsibility, etc. edited by Murakami Hyoe and Edward G. Seidensticker
260 ## - PUBLICATION, DISTRIBUTION, ETC. (IMPRINT)
Place of publication, distribution, etc. Tokyo :
Name of publisher, distributor, etc. Japan Culture Institute ;
Place of publication, distribution, etc. Elmsford, N.Y. :
Name of publisher, distributor, etc. distributor, Japan Publications Trading Co.,
Date of publication, distribution, etc. 1977.
300 ## - PHYSICAL DESCRIPTION
Pagination x, 209 p. ;
Size 22 cm.
651 #0 - SUBJECT ADDED ENTRY--GEOGRAPHIC NAME
Geographic name Japan
General subdivision Civilization
-- Bibliography.
9 (RLIN) 205529
700 ## - ADDED ENTRY--PERSONAL NAME
Personal name Murakami, Hyoe
Personal name Seidensticker, Edward G.
710 2# - ADDED ENTRY--CORPORATE NAME
Corporate name or jurisdiction name as entry element Nihon Bunka Kenkyūjo.
9 (RLIN) 205532
942 ## - ADDED ENTRY ELEMENTS (KOHA)
Source of classification or shelving scheme Dewey Decimal Classification
Koha item type Books
Holdings
Lost status Source of classification or shelving scheme Damaged status Not for loan Collection code Permanent Location Current Location Shelving location Date acquired Source of acquisition Total Checkouts Full call number Date last seen Copy number Koha item type
  Dewey Decimal Classification   Not For Loan Non-fiction Central Library, University of Rajshahi Central Library, University of Rajshahi Reading Room 02/03/1977 Japan cultural Institution   016.952 GUI 1977 11/04/2017 C-1 Books